00289nam a2200133Ia 4500008004100000041000800041082000800049100001300057245002100070250000800091260002700099542001500126650001400141220531s9999 xx 000 0 und d aeng bTOP aTopa, J. aPhysical Geology a1ST bPrakashan kendrac2003 d31-03-2006 aGeography